Word Ladder: Arrested Development Quiz Stats

 Plays Quiz Updated Nov 10, 2017

Score 0/26 Timer 03:00
0 Plays Today
Hint 3 Letter Word % Correct
● “Baby, I ___ a stew going.” ●
or, received
GOT
94.1%
● Video series: “Girls with ___ Self-Esteem” ●
or, moo like cattle
LOW
94.1%
● Episode: “___ ‘Em Eat Cake” ●
or, a serve that hits the net
LET
93%
● “There’s been a ___ of lying in this family.” ●
or, a portion of land
LOT
92.8%
● Bluth attorney: [Rung 1] [Rung 2]___
or, more than a rule
LAW
91.1%
● Bluth attorney: ___ [Rung 2][Rung 4] ●
or, retrieve floating apples with your teeth
BOB
91%
● Bluth attorney: [Rung 1] ___[Rung 4] ●
or, toss in the air
LOB
89.4%
● Narrator: [Rung 13] ___[Rung 21] ●
or, ___ the West Was Won
HOW
89.1%
● “I’m not—that—___-o-cent!” ●
or, small hotel
INN
86.3%
● Episode: “Shock ___ Aww” ●
or, fourth most common English word
AND
86.3%
● What George Michael calls his girlfriend ●
or, advice columnist Landers
ANN
85.8%
● Narrator: ___ [Rung 15][Rung 21] ●
or, the sixth Weasley son
RON
85.3%
● Death __, where medium-to-heavy treason should get you ●
or, partner of a column
ROW
83.6%
Hint 3 Letter Word % Correct
● Stage magician Bluth ●
or, big hunk o’ something
G.O.B.
83.3%
● Add an E to this to name the actress who played Mrs. Veal ●
or, charged particle
ION(e)
82.9%
● “All right, ___? Honey? ___?” ●
or, term of endearment
HON
81.5%
● Save Our Bluths, for short ●
or, ___ story
S.O.B.
79.3%
● George Michael, to Michael ●
or, common word in horror sequel titles
SON
76.9%
● Be on the ___, like George occasionally ●
or, flee the police
LAM
76.7%
● Episode: “Ready, ___, Marry Me” ●
or, use a rifle sight
AIM
75.6%
● Buster has an artificial one ●
or, branch of government
ARM
74.1%
● What everyone else calls George Michael’s girlfriend ●
or, a feminine pronoun
HER
73.6%
● “He knows an A gets ___ ice cream.” ●
or, homophone for a sacred song
HIM
72.8%
● Rebel Alley’s son ●
or, a lunar landing craft
LEM
71.9%
● What Tobias’s cutoffs don’t have ●
or, ___ and haw
HEM
70.4%
● Narrator: [Rung 13] [Rung 15]___
or, type of light plow
ARD
68.7%

Today's Daily Dose

You're not logged in!

Compare scores with friends on all Sporcle quizzes.
Join for Free
OR
Log In

You Might Also Like...

Show Comments

Extras

Top Quizzes Today


Score Distribution

Your Account Isn't Verified!

In order to create a playlist on Sporcle, you need to verify the email address you used during registration. Go to your Sporcle Settings to finish the process.

Report this User

Report this user for behavior that violates our Community Guidelines.

Details: